| 000 | 01214nam a22002657a 4500 | ||
|---|---|---|---|
| 005 | 20170124103147.0 | ||
| 010 | _aB-027176 | ||
| 020 |
_c225.00 _a8185826447 |
||
| 035 | _aB-027176 | ||
| 037 | _bCen Lib/Ret | ||
| 040 |
_aDPL _bHN |
||
| 082 |
_a005.04 _bशर्मापा |
||
| 100 |
_aशर्मा, पांडेय एस.के. _9139468 |
||
| 245 |
_aकंप्यूटर और पुस्तकालय / _cपांडेय एस.के. शर्मा |
||
| 246 |
_aComputer aur pustakalay / _bby Pandey S.K. Sharma |
||
| 260 |
_aनई दिल्ली _bग्रंथ अकादमी _c1996 |
||
| 270 |
_bनई दिल्ली _e110002 _a1686, ओल्ड दरियागंज |
||
| 300 |
_a275पृ. _c21सेमी (सजिल्द) |
||
| 500 | _aअनुक्रमणिका शामिल | ||
| 650 |
_aकंप्यूटर और पुस्तकालय _945021 |
||
| 650 |
_aपुस्तकालय स्वचालन--कंप्यूटर _978963 |
||
| 650 |
_aComputer and library _9139469 |
||
| 650 |
_aLibrary automation--Computer _986674 |
||
| 942 |
_2ddc _cHN _h005.04 _mशर्मापा |
||
| 999 |
_c119748 _d119748 |
||